| 000 | 01293cam a22003131 4500 | ||
|---|---|---|---|
| 001 | 20533 | ||
| 003 | BD-RjUL | ||
| 005 | 20211209000558.0 | ||
| 008 | 140301r19551935enkach b 001 0aeng | ||
| 035 | _a(BD-RjUL)20595 | ||
| 035 | _a(OCoLC)360638 | ||
| 040 |
_aDLC _cODaWU _dBD-RjUL _beng |
||
| 041 | _aeng | ||
| 082 | 0 | 0 |
_a928.2 _bHOL 1955 |
| 100 | 1 |
_aHopkins, Gerard Manley, _d1844-1889. _963350 |
|
| 245 | 1 | 4 |
_aThe letters of Gerard Manley Hopkins to Robert Bridges / _cEdited with notes & an introd. by Claude Colleer Abbott. |
| 260 |
_aLondon ; _aNew York : _bOxford University Press, _c1935 [Impression 1955]. |
||
| 300 |
_axlvii, 324 p. : _billus., ports., facsims. ; _c23 cm. |
||
| 500 | _a"The correspondence of Gerard Manley Hopkins and Richard Watson Dixon is referred to throughout as volume II. The appendixes, and also the index to both volumes ... will be found there." | ||
| 504 | _aIncludes bibliographical references and index. | ||
| 600 | 1 | 0 |
_aHopkins, Gerard Manley, _d1844-1889 _963356 |
| 600 | 1 | 0 |
_aBridges, Robert, _d1844-1930 _955523 |
| 610 | 2 | 0 |
_aJesuits _zEngland _963357 |
| 650 | 0 |
_aPoets, English _y19th century _vCorrespondence. _963353 |
|
| 700 | 1 |
_aAbbott, Claude Collee. _963354 |
|
| 942 |
_2ddc _cBK |
||
| 999 |
_c20533 _d20533 |
||